[Дирижирует] Евгений Светланов (Запись № 13282328)

Подробности
000 -МАРКЕР
контрольное поле 03688njm0a2200493 4500
001 - ИДЕНТИФИКАТОР ЗАПИСИ
контрольное поле RU\NLR\ONIZ\197856
005 - ИДЕНТИФИКАТОР ВЕРСИИ
контрольное поле 20250708192227.0
035 ## - ДРУГИЕ СИСТЕМНЫЕ НОМЕРА
Идентификатор записи (NLR Aleph) 010405392
071 00 - ИЗДАТЕЛЬСКИЙ НОМЕР
Номер, присвоенный агентством SVET 072 22-5
100 ## - ДАННЫЕ ОБЩЕЙ ОБРАБОТКИ
Данные общей обработки 20140220d2006 |||y0rusy50 ca
102 ## - СТРАНА ПУБЛИКАЦИИ ИЛИ ПРОИЗВОДСТВА
Страна публикации Российская Федерация
126 ## - ПОЛЕ КОДИРОВАННЫХ ДАННЫХ: ЗВУКОЗАПИСИ - ФИЗИЧЕСКИЕ ХАРАКТЕРИСТИКИ
Кодированные данные звукозаписи (общие) aguxjxu ux
Кодированные данные звукозаписи (уточнения) xxx
127 ## - ПОЛЕ КОДИРОВАННЫХ ДАННЫХ: ПРОДОЛЖИТЕЛЬНОСТЬ ЗВУКОЗАПИСЕЙ И НОТНЫХ ИЗДАНИЙ (МУЗЫКАЛЬНОЕ ИСПОЛНЕНИЕ)
Продолжительность 000063
135 ## - ПОЛЕ КОДИРОВАННЫХ ДАННЫХ: ЭЛЕКТРОННЫЕ РЕСУРСЫ
Кодированные данные для электронного ресурса honoannnanndn
200 1# - ЗАГЛАВИЕ И СВЕДЕНИЯ ОБ ОТВЕТСТВЕННОСТИ
Основное заглавие [Дирижирует] Евгений Светланов
Общее обозначение материала Звукозапись
210 ## - ПУБЛИКАЦИЯ, РАСПРОСТРАНЕНИЕ И ДР.
Место издания, распространения и т.д. Москва
Имя издателя, распространителя и т. д. Фонд Евгения Светланова
Дата издания, распространения и т.д. 2006
215 ## - ФИЗИЧЕСКАЯ ХАРАКТЕРИСТИКА
Специфическое обозначение материала и объем 1 зв. диск (63 мин), в футл.
Сопроводительный материал прил. (11 с.)
225 1# - СЕРИЯ
Основное заглавие серии Антология русской симфонической музыки
325 ## - ПРИМЕЧАНИЕ О КОПИИ
Текст примечания Копия доступна в Электрон. б-ке РНБ
327 1# - ПРИМЕЧАНИЯ О СОДЕРЖАНИИ
Текст примечания 1. Торжественная увертюра на датский гимн : op. 15;
-- 2. Фатум : симф. поэма : op. 77 ;
-- 3. Симфония № 2 : до мин. : op. 17 / П. И. Чайковский ; исполн.: Гос. акад. симф. орк
464 #0 - АНАЛИТИЧЕСКИЙ УРОВЕНЬ
Встроенное поле 2001#$aТоржественная увертюра на датский гимн$eop. 15
-- 6061#$aУвертюры концертные$xзвукозапись$yРоссия$z19 век$2nlr_sh
-- 686##$aЩ951.1-053(28)$vLBC/SL$2rubbk
-- 701#1$9z01790$aЧайковский$bП. И.$gПетр Ильич$f1840-1893$4230$7ca
-- 790#1$9z01701$aTchaikovsky$bP.I.$gPeter Ilich$f1840-1893$4230
Заглавие Торжественная увертюра на датский гимн
464 #0 - АНАЛИТИЧЕСКИЙ УРОВЕНЬ
Встроенное поле 2001#$aФатум$eсимф. поэма$eop. 77
-- 600#1$aФатум$cВ Древнем Риме олицетворение судьбы$xЗвукозапись$xМузыкальные интерпретации$2nlr_sh$7ba
-- 6061#$aСимфонические поэмы$xЗвукозапись$yРоссия$z19 век$2nlr_sh
-- 686##$aЩ951.1-051(28)$vLBC/SL$2rubbk
-- 701#1$9z01790$aЧайковский$bП. И.$gПетр Ильич$f1840-1893$4230$7ca
-- 790#1$9z01701$aTchaikovsky$bP.I.$gPeter Ilich$f1840-1893$4230
Заглавие Фатум
464 #0 - АНАЛИТИЧЕСКИЙ УРОВЕНЬ
Встроенное поле 2001#$aСимфония № 2$eдо мин.$eop. 17
-- 6061#$aСимфонии русских композиторов$xЗвукозапись$yРоссия$z19 век$2nlr_sh
-- 686##$aЩ951.1-040(28)$vLBC/SL$2rubbk
-- 701#1$9z01790$aЧайковский$bП. И.$gПетр Ильич$f1840-1893$4230$7ca
-- 790#1$9z01701$aTchaikovsky$bP.I.$gPeter Ilich$f1840-1893$4230
Заглавие Симфония № 2
606 1# - НАИМЕНОВАНИЕ ТЕМЫ КАК ПРЕДМЕТ
Наименование темы Симфоническая музыка русская
Тематический подзаголовок Звукозапись
Географический подзаголовок Россия
Хронологический подзаголовок 19 в.
Код системы nlr_sh
606 1# - НАИМЕНОВАНИЕ ТЕМЫ КАК ПРЕДМЕТ
Наименование темы Исполнительское искусство
Тематический подзаголовок Дирижёры
-- Звукозапись
Географический подзаголовок Россия
Код системы nlr_sh
686 ## - ИНДЕКСЫ ДРУГИХ КЛАССИФИКАЦИЙ
Индекс Щ951.1, 8(2)
Издание LBC/SL
Код системы
700 #1 - ИМЯ ЛИЦА - ПЕРВИЧНАЯ ОТВЕТСТВЕННОСТЬ
Системный номер авторитетной/нормативной записи z03790
Начальный элемент ввода Светланов
Часть имени, кроме начального элемента ввода Е.Ф.
Даты 1928-2002
Расширение инициалов личного имени Евгений Федорович
Код отношения Дирижер, Руководитель оркестра
Графика поля Кириллица
712 02 - НАИМЕНОВАНИЕ ОРГАНИЗАЦИИ - ВТОРИЧНАЯ ОТВЕТСТВЕННОСТЬ
Начальный элемент ввода Государственный академический симфонический оркестр
Код отношения Исполнитель
790 #1 - ИМЯ ЛИЦА - АЛЬТЕРНАТИВНАЯ ФОРМА
Системный номер авторитетной/нормативной записи z03700
Начальный элемент ввода Svetlanov
Часть имени, кроме начального элемента ввода E.
Даты 1928-2002
Расширение инициалов личного имени Evgenij
Код отношения Дирижер, Руководитель оркестра
Графика поля Латинская
801 #0 - ИСТОЧНИК ЗАПИСИ
Страна Российская Федерация
Организация NLR
Дата составления 20140220
Правила каталогизации PSBO
801 #1 - ИСТОЧНИК ЗАПИСИ
Страна Российская Федерация
Организация NLR
Дата составления 20140220
Источник данных rusmarc
801 #2 - ИСТОЧНИК ЗАПИСИ
Страна Российская Федерация
Организация NLR
Дата составления 20151105
852 ## - МЕСТОНАХОЖДЕНИЕ И ШИФР ХРАНЕНИЯ
Идентификатор организации NLR
Наименование фонда или коллекции (Sub-Location Identifier) Мг
Шифр хранения (Call Number) Д/1863
Страна
Номер экземпляра 1
856 #0 - МЕСТОНАХОЖДЕНИЕ ЭЛЕКТРОННЫХ РЕСУРОВ И ДОСТУП К НИМ
Универсальный идентификатор ресурса (Uniform Resource Identifier) http://vivaldi.nlr.ru/mk000000204/view
856 #1 - МЕСТОНАХОЖДЕНИЕ ЭЛЕКТРОННЫХ РЕСУРОВ И ДОСТУП К НИМ
Универсальный идентификатор ресурса (Uniform Resource Identifier) http://vivaldi.nlr.ru/mk000000204/cover
856 #2 - МЕСТОНАХОЖДЕНИЕ ЭЛЕКТРОННЫХ РЕСУРОВ И ДОСТУП К НИМ
Универсальный идентификатор ресурса (Uniform Resource Identifier) http://vivaldi.nlr.ru/mk000000204/text
942 ## - ДОПОЛНИТЕЛЬНЫЕ ЭЛЕМЕНТЫ ЗАПИСИ (АБИС)
Тип экземпляра АБИС Звукозапись
980 ## - КОЛЛЕКЦИЯ
Название коллекции Национальная библиография
980 ## - КОЛЛЕКЦИЯ
Название коллекции Отдел нот и звукозаписей
981 24 - КОЛЛЕКЦИЯ ЭЛЕКТРОННОЙ БИБЛИОТЕКИ
Название коллекции Нотные издания и аудиозаписи
Название подколлекции Грампластинки
Экземпляры
Тип экземпляра Дата поступления Библиотека постоянного хранения Библиотека текущего хранения Место хранения Шифр хранения Статус экземпляра
Звукозапись 20.02.2014 РНБ (Московский) РНБ (Московский) Фонд нот и звукозаписей Д/1863 Д/1863